000
00395nam a22001697a 4500
003
MPLRDC
005
20220104125656.0
008
210129b ||||| |||| 00| 0 eng d
082
_a
857.4572 WBY
100
_a
王伯阳
245
_a
苦海
_c
250
_a
一版一刷
260
_a
_b
人民文学出版社
_c
1986
300
_b
平
650
_a
历史小说
942
_c
BK
_o
857.4572 WBY
999
_c
29246
_d
29236